000 00798nam a2200229Ii 4500
003 JO-AjNU
008 230605s9999||||xx |||||||||||||| ||und||
017 _a2002/4/899
020 _a9957-09-098-4
040 _aJO-AjNU
_bara
_erda
_cJO-AjNU
041 _aara
050 1 4 _aPJ8062.M8382 2002
100 3 _aعبيد الله، محمد,
_eauthor
_913406
245 0 0 _aفلسطين في القصة القصيرة الأردنية - من النكبة إلى الإنتفاضة -
250 _aط1
264 3 1 _aعمان: أزمنة للنشر، 2002
300 _a211ص
336 _atext
_btxt
_2rdacontent
337 _aunmediated
_bn
_2rdamedia
338 _avolume
_bnc
_2rdacarrier
650 4 _aالأدب العربي - قصص قصيرة - تاريخ - الأردن - فلسطين
_913407
999 _aA3330
_c6898
_d6898